Quizzes
Events
Quiz Creation
Community
Videos
Private Events
Remove Ads
Sign In
Join for FREE
Feedback
Dark Mode
Quiz Categories
Sports
Geography
Music
Movies
Television
Just For Fun
Miscellaneous
History
Literature
Language
Science
Gaming
Entertainment
Religion
Holiday
For Kids
Quiz Lab
Recent
Popular Today
Quiz Kudos Today
Editor Picks
Curator Picks
Quizzes by...
Day
Popularity
Type
Ratings
Length
Year
Community
Subscriptions
Recent Discussions
Orange Saloon
Badges
Playlists
Quests
Create
Leaderboards
Showdown
Live 5
Trivia Bingo
Activity
Puzzle Library
Sporcle Events
Private Events
Virtual Trivia
Globe League
Become a Host
Pub Owners
SporcleCon
Opinionation
Our Games
Videos
Blog
Mobile Apps
Partnerships
Remove Ads and Go Orange
Feedback
Geography
Country
Landmarks
City
State
Population
World
Capital
Continent
Flags
Europe
Africa
Asia
South America
North America
Oceania
Border
Canada
United Kingdom
Topography
United States
Geography
Country
Landmarks
City
State
Population
World
Capital
Continent
Flags
Europe
Africa
Asia
South America
North America
Oceania
Border
Canada
United Kingdom
Topography
United States
Random Quiz
Search Sporcle
×
Quiz Lab
Quiz Lab
Geography
World
Type in answers that appear in a list
Type in answers that appear in a list
Classic
Best Score? Go Orange.
The World's Least Visited Countries Stats
Can you name the The World's Least Visited Countries?
By
survivorfan2000
4m
15 Questions
498 Plays
498 Plays
498 Plays
Comments
Comments
Give Quiz Kudos
Give Quiz Kudos
-
- Ratings
hide this ad
Replay
Link that replays current quiz
Next Quiz
Link to next quiz in quiz playlist
You Got
0%
They Got
Avg Score
51%
Avg Friend Score
Upgrade to see
Score Distribution
Jump to the score distribution portion of the page
Score
0/15
Timer
04:00
0
Plays Today
Rank
Country
% Correct
#15
North Korea
80.5%
#1
Tuvalu
69.1%
#2
Kiribati
65.1%
#4
Marshall Islands
62.9%
#9
Solomon Islands
59%
#12
Bhutan
57%
#10
Comoros
49.6%
#7
Sao Tome and Principe
49.4%
Rank
Country
% Correct
#11
Chad
44.6%
#3
Tajikistan
44.4%
#6
Turkmenistan
43%
#14
Mauritania
39%
#13
Guinea Bissau
38%
#8
C.A.R
35.3%
#5
Moldova
26.1%
Quiz Playlist
Details
Report
Send in Message
Add To Playlist
Classic:
Type in answers that appear in a list
Quiz Source
Last Updated: Feb 16, 2017
Quiz Scoreboard
CHALLENGE
Sign Up to Join the Scoreboard
Show All
Scores
Hide
Comments
May contain spoilers
Recently Published
Click the 1999 NBA Draft
by nibperrychub
Sports
2m
Alphabetical 'K' Countries by Flag Minefield
by ylime102
Geography
3m
Pick 6: Fruits
by JohnFran
Miscellaneous
15s
More to Explore
Quiz From the Vault
Featured Blog Post
15 Basketball Trivia Facts You Can Be March Mad About
hide this ad
You Might Also Like...
Tags
Country Quiz
World Quiz
least
Visited
Visitor
Today's Top Quizzes in Geography
Browse Geography
hide this ad
Today's Top Quizzes in World
Browse World
Top Contributed Quizzes in Geography
1
Countries of the World - No Outlines Minefield
2
Pick 6: Mountains
3
Least Populated Answer: 'G' Countries
4
Alphabetical 'L' Countries By Flag Minefield
5
Lietuvos savivaldybės (Lithuanian Municipalities)
6
Alphabetical 'M' Countries By Flag Minefield
7
Pick 6: National Parks
8
Pick 6: US States
9
African Flag Reveal XXXVI
10
Find the Landmarks A-Z
Explore More
Trending Topics
Crossword
Anime
Kpop
NBA
Marvel
Disney
Harry Potter
Country
NFL
The Office
Song
Puzzle
Pokémon
Soccer
WWE
hide this ad
More By:
survivorfan2000
Quiz
Plays
Rating
Category
Featured
Created
Top 10 Countries with the most Deaths from the 2004 Tsunami
722
4.88
Geography
Jan 2, 2012
Top 10 Countries that Recycle the most
644
4.57
Geography
Jan 2, 2012
Top 50 US Cities with the most Snowfall per Year
533
2.86
Geography
Dec 10, 2011
The World's Least Visited Countries
498
4.00
Geography
Dec 3, 2011
Survivor One World Contestants
299
5.00
Television
Jan 27, 2012
Go to Creator's Profile
Score Distribution
Quiz Creator Spotlight
survivorfan2000
Follow
Send a Message
Quizzes Created
-
Created Quiz Play Count
-
More By This Creator
Popular Quizzes Today
1
Countries of Asia Without Outlines Minefield
2
Find the US States - No Outlines Minefield
3
Pick 6: Fruits
4
Alphabetical 'K' Countries by Flag Minefield
5
The Countries of the World
6
Find the US States
7
US States
8
Match the Book to the Film X
More Geography Quizzes
July Capitals
Quiz Lab
Trending Quizzes
Pick 6: Mountains
Pick 6: Harry Potter
Pick 6: NFL Teams
Pick 6: Movie Franchises
Pick 6: Flags
Recently Updated
NWSL Teams
pecheneg
Women's Final Four Teams by Year
bhenderson79
Presidents Quartet II
eogle
Anything But Clue(do)
eogle
Anything But Oceanian Capitals
eogle
Anything But 7
eogle
Anything But Thing
eogle
Word Ladder: February 29
pecheneg
Song Title Questions
pecheneg
Women's NCAA Tournament #1 Seeds
pecheneg
Trending Topics
Crossword
NBA
Anime
Harry Potter
Kpop
Marvel
Disney
NFL
Country
Song
The Office
Pokémon
WWE
Soccer
Puzzle
Your Account Isn't Verified!
In order to create a playlist on Sporcle, you need to verify the email address you used during registration. Go to your
Sporcle Settings
to finish the process.
Report this User
Report this user for behavior that violates our
Community Guidelines
.
Details:
Send Report
Go to the Sporcle.com Mobile Site →
Comments